000 02678cam a22005777a 4500
003 CHAP
005 20220329133046.0
008 971013s1990 r 10010 d
010 _a1710
011 _a2682
035 _a1877
040 _cCHAP
082 _a580.63
_bS4
111 0 0 _aSeminario de Investigación y Servicio en el Oriente del Estado de México (
_n1
_d: 1989
_c: Chapingo, Méx.)
_9104064
245 0 _a[Ponencias]
260 _aChapingo, Méx. :
_bUACH,
_c1990
300 _a274 p.
_b: ilus.
590 _aBATCH-UPD
_b10
_c20130109
_lUCH01
_h2345
590 _aBATCH-UPD
_b10
_c20130110
_lUCH01
_h0857
590 _aBATCH-UPD
_b10
_c20130409
_lUCH01
_h1915
590 _aBATCH-UPD
_b10
_c20130410
_lUCH01
_h0528
590 _aBATCH-UPD
_b10
_c20130914
_lUCH01
_h0726
590 _aCONVERSION
_b10
_c20130109
_lUCH01
_h1302
650 1 4 _aBotánica
_xCongresos.
_914522
650 1 4 _aBotánica
_xInvestigación.
_914562
650 1 4 _aBotánica
_xMéxico (Edo.)
_914593
650 1 4 _aRecursos naturales
_zMéxico (Edo.).
_995330
650 1 4 _aSuelos
_xInvestigación
_xMéxico (Edo.)
_9110410
700 0 _aCastellanos Juárez, José Alfredo.
_920005
700 0 _aGonzález Loera, Jorge.
_949101
901 _aBK
942 _cLIBRO
949 _a580.63 S4
_bBC
_cCONG
_d-153218
_eCONG
_fc.19
_i1877
_si
949 _a580.63 S4
_bBC
_cLIBRO
_d33724000500641
_eLIBRO
_fc.18
_h84288
_i1877
_si
949 _a580.63 S4
_bBC
_cLIBRO
_d33724000519930
_eLIBRO
_fc.4
_h79367
_i1877
_si
949 _a580.63 S4
_bBC
_cLIBRO
_d33724000519948
_eLIBRO
_fc.3
_h79366
_i1877
_si
949 _a580.63 S4
_bBC
_cLIBRO
_d33724000519963
_eLIBRO
_h79364
_i1877
_si
949 _a580.63 S4
_bBC
_cLIBRO
_d33724000519989
_eLIBRO
_fc.11
_h74286
_i1877
_si
949 _a580.63 S4
_bBC
_cLIBRO
_d33724000520052
_eLIBRO
_fc.5
_h79368
_i1877
_si
949 _a580.63 S4
_bBC
_cLIBRO
_d33724000520060
_eLIBRO
_fc.6
_h79369
_i1877
_si
949 _a580.63 S4
_bBC
_cLIBRO
_d33724000520086
_eLIBRO
_fc.8
_h79371
_i1877
_si
949 _a580.63 S4
_bBC
_cLIBRO
_d33724000520094
_eLIBRO
_fc.9
_h79372
_i1877
_si
949 _a580.63 S4
_bBC
_cLIBRO
_d33724000520102
_eLIBRO
_fc.10
_h79373
_i1877
_si
949 _a580.63 S4
_bBC
_cLIBRO
_d33724000520110
_eLIBRO
_fc.12
_h84282
_i1877
_si
949 _a580.63 S4
_bBC
_cLIBRO
_d33724000520128
_eLIBRO
_fc.13
_h84283
_i1877
_si
949 _a580.63 S4
_bBC
_cLIBRO
_d33724000520136
_eLIBRO
_fc.14
_h84284
_i1877
_si
949 _a580.63 S4
_bBC
_cLIBRO
_d33724000520144
_eLIBRO
_fc.15
_h84285
_i1877
_si
949 _a580.63 S4
_bBC
_cLIBRO
_d33724000520169
_eLIBRO
_fc.16
_h84286
_i1877
_si
949 _a580.63 S4
_bBC
_cLIBRO
_d33724002204264
_eLIBRO
_fc.7
_h79370
_i1877
_si
949 _a580.63 S4
_bBC
_cUACH
_d33724000519955
_eUACH
_fc.2
_h79365
_i1877
_si
999 _c1710
_d1710